00805cam a22002411 4500001001300000003000400013005001700017008004100034010001700075035001900092040002600111042001200137050002300149100004200172245010600214260007100320300001000391410004600401650002300447650002700470740004900497999001700546gs 39000115 DLC20260227111344.0790615s1938 nbu s000 0 eng  ags 39000115  a(OCoLC)5069578 aDLCcTxCMdOCoLCdDLC apremarc00aQE135b.A43 no. 131 aReed, E. C.q(Eugene Clifton),d1901-10aCorrelation of formations drilled in the Midland Forster well near Fremont, Nebraska,cby E. C. Reed. a[Lincoln]bPublished by authority of the state of Nebraska,c1938. a20 p.20aNebraska Geological SurveytPapervno. 13 0aGeologyzNebraska. 0aGroundwaterzNebraska.0 aMidland Forster well near Fremont, Nebraska. c27532d27532